Alex Rider Books Quiz Stats

 Plays Quiz Updated Aug 13, 2016

Score 0/11 Timer 01:00
0 Plays Today
Year Published Title % Correct
2000Stormbreaker
88.4%
2001Point Blanc
81.5%
2004Scorpia
67.2%
2002Skeleton Key
66.8%
2005Ark Angel
56.8%
2003Eagle Strike
55%
2007Snakehead
50.4%
2009Crocodile Tears
47.4%
2017Never Say Die
36%
2011Scorpia Rising
21%
2013Russian Roulette
19.5%

You're not logged in!

Compare scores with friends on all Sporcle quizzes.
OR
Log In

Sporcle TV

Today on Sporcle TV


Watch our educational content, quiz creation guides, and fun videos on Sporcle TV.

Show Comments

Extras

Top Quizzes Today


Score Distribution

Your Account Isn't Verified!

In order to create a playlist on Sporcle, you need to verify the email address you used during registration. Go to your Sporcle Settings to finish the process.

Report this User

Report this user for behavior that violates our Community Guidelines.

Details: